Lingüística aplicada: a la enseñanza del español a anglohablantes

Uloženo v:
Podrobná bibliografie
Hlavní autoři: Terrell, Tracy D (Autor), Salgués de Cargill, Maruxa (Autor)
Médium: Kniha
Jazyk:španělština
Vydáno: Nueva York John Wiley 1979
Témata:
Tagy: Přidat tag
Žádné tagy, Buďte první, kdo vytvoří štítek k tomuto záznamu!

MARC

LEADER 00000nam a2200000 a 4500
001 UCH0428
003 CL-VaPUC
008 090312e19790000US |||||||||||||||||spa|d
020 |a 0471039462 
082 0 4 |a 468  |b TER  |2 21 
100 0 |a Terrell, Tracy D  |e author  |9 534617 
700 0 |a Salgués de Cargill, Maruxa  |e author  |9 534618 
245 1 0 |a Lingüística aplicada: a la enseñanza del español a anglohablantes 
300 |a 218 p 
942 |c BK 
945 |d 20090312 00:00:00  |a rbrito 
260 |a Nueva York  |b John Wiley  |c 1979 
650 0 |a Español  |9 255372 
650 0 |a Gramática  |9 270497 
650 0 |a Fonología   |9 341074 
650 0 |a Lingüística  |9 265068 
650 0 |a Lingüística aplicada   |9 313266 
583 |a last modification  |c 20130105 01:46:54  |k Rodrigo Vera 
999 |c 332750  |d 332748 
952 |0 0  |1 0  |4 0  |6 468_000000000000000_TER_1979  |7 0  |8 A  |9 420649  |a FDOPOS  |b FDOPOS  |d 2019-11-22  |i 4517148  |o 468 TER 1979  |p 4517148  |r 2025-01-22  |w 2019-11-22  |y BK  |k MLA